| 000 | 00459nam a2200169Ia 4500 | ||
|---|---|---|---|
| 999 |
_c12277 _d12277 |
||
| 003 | OSt | ||
| 005 | 20201015115216.0 | ||
| 008 | 190216s9999||||xx |||||||||||||| ||und|| | ||
| 040 | _coclc | ||
| 082 |
_a823.914 _bLOF/T |
||
| 100 |
_aLofts, Norah _95223 |
||
| 245 | 0 |
_aTo See Fine Lady / _cNorah Lofts |
|
| 260 |
_bCorgi Books, _c1978. _aLondon: |
||
| 300 | _a223p | ||
| 650 | _aEnglish Novel | ||
| 942 |
_cBK _2ddc _h823 _iLOF/T _k823 _mLOF/T |
||